000 00348nam a2200133Ia 4500
008 230917s9999||||xx |||||||||||||| ||und||
040 _e184334
_aMAIN
041 _aEnglish
082 _a343.0929 E25E
245 0 _aElectricity Act, 2003 (36 of 2003)
260 _aNew Delhi
_bUniversal Law Publishing
_c2004
300 _axiv, 90 p.
942 _cBK
999 _c133442
_d133442